|
|
|
|
| LEADER |
01168nam a2200253 a 4500 |
| 001 |
907181 |
| 008 |
090730s1996 ii abf b 000 0 eng d |
| 010 |
|
|
|a 81181065
|
| 020 |
|
|
|a 0195612973 (pbk.) :
|c Rs45.00
|
| 040 |
|
|
|a DLC
|c DLC
|d DLC
|
| 082 |
0 |
0 |
|a 954
|2 19
|
| 100 |
1 |
|
|a Smith, Vincent Arthur,
|d 1848-1920.
|
| 245 |
1 |
4 |
|a The Oxford history of India /
|c by Vincent A. Smith.
|
| 250 |
|
|
|a 4th ed. /
|b edited by Percival Spear.
|
| 260 |
|
|
|a Delhi ;
|a New York :
|b Oxford University Press,
|c 1996.
|
| 300 |
|
|
|a xv, 945 p., 40, [1] p. of plates (some folded) :
|b ill., maps ;
|c 18 cm.
|
| 504 |
|
|
|a Includes bibliographical references.
|
| 541 |
1 |
|
|e 00009578
|
| 651 |
|
0 |
|a India
|x History.
|
| 700 |
1 |
|
|a Spear, Thomas George Percival.
|
| 852 |
4 |
|
|a Ayesha Abed Library
|j General Shelf.
|
| 999 |
|
|
|c 2934
|d 2934
|
| 952 |
|
|
|0 0
|1 0
|2 ddc
|4 1
|6 954_000000000000000_SMI_1996
|7 0
|9 2732
|a BRACUL
|b BRACUL
|c SPS
|d 2009-08-18
|g 0.00
|l 1
|m 5
|o 954 SMI
|p 3010009578
|r 2013-10-03
|s 2013-09-09
|t 1
|w 2009-08-18
|y BK
|x No price found in the accession register.
|
| 952 |
|
|
|0 0
|1 0
|2 ddc
|4 1
|6 954_000000000000000_SMI_1996
|7 0
|9 10612
|a BRACUL
|b BRACUL
|c SPS
|d 2010-06-01
|l 0
|o 954 SMI
|p 3010009577
|r 2010-06-01
|t 2
|w 2010-06-01
|y BK
|